000 00707nam a2200289Ia 4500
005 20260324112438.0
008 008 260324s9999 xx 000 0 eng d
020 _a9781003460688
037 _aEBOOK
040 _aCRL
040 _beng
040 _cCRL
041 _2eng
041 _aeng
084 _qCRL
100 _aRuth Netzer
_91142725
245 2 _aA Jungian Perspective on the Therapist-Patient Relationship in Film
245 0 _bCinema As Our Therapist
260 _bTaylor and Francis
260 _c2024
365 _a
365 _b205
856 _uhttp://www.taylorfrancis.com/books/9781003460688
942 _cEBOOK
999 _c1731934
_d1731934